Normal view
MARC view
- عثمان، ماهر
Entry Personal Name
001 - CONTROL NUMBER
- control field: 56889
003 - CONTROL NUMBER IDENTIFIER
- control field: JO-AjAnu
005 - DATE AND TIME OF LATEST TRANSACTION
- control field: 20230606083323.0
008 - FIXED-LENGTH DATA ELEMENTS
- fixed length control field: 230606|| aca||aabn | a|a d
040 ## - CATALOGING SOURCE
- Original cataloging agency: JO-AjAnu
- Transcribing agency: JO-AjAnu
100 ## - HEADING--PERSONAL NAME
- Personal name: عثمان، ماهر
670 ## - SOURCE DATA FOUND
- Source citation: Work cat.: (JO-AjAnu)29029: عثمان، ماهر, author, الأردن في الوثائق السرية البريطانية (1953-1957): السنوات الخمس الأولى من عهد الملك حسين